<?xml version="1.0" encoding="UTF-8"?>
<record
    xmlns:xsi="http://www.w3.org/2001/XMLSchema-instance"
    xsi:schemaLocation="http://www.loc.gov/MARC21/slim http://www.loc.gov/standards/marcxml/schema/MARC21slim.xsd"
    xmlns="http://www.loc.gov/MARC21/slim">

  <leader>00962nam a22002417a 4500</leader>
  <controlfield tag="001">BRCA_9372</controlfield>
  <controlfield tag="003">FranzMayer</controlfield>
  <controlfield tag="005">20230918123654.0</controlfield>
  <controlfield tag="008">230830b        |||||||| |||| 00| 0 eng d</controlfield>
  <datafield tag="040" ind1=" " ind2=" ">
    <subfield code="a">MFM</subfield>
    <subfield code="b">Espa&#xF1;ol</subfield>
    <subfield code="c">MFM</subfield>
  </datafield>
  <datafield tag="050" ind1=" " ind2="0">
    <subfield code="a">AM151.M6</subfield>
    <subfield code="b">R83 1969</subfield>
  </datafield>
  <datafield tag="100" ind1="1" ind2=" ">
    <subfield code="4">Autor</subfield>
    <subfield code="a">Rubin de la Borbolla, Daniel F</subfield>
    <subfield code="9">29389</subfield>
  </datafield>
  <datafield tag="240" ind1=" " ind2=" ">
    <subfield code="a">Arte popular de Michoac&#xE1;n </subfield>
    <subfield code="h">Michoac&#xE1;n en el arte</subfield>
    <subfield code="l">Espa&#xF1;ol</subfield>
  </datafield>
  <datafield tag="245" ind1="0" ind2=" ">
    <subfield code="a">Arte popular de Michoac&#xE1;n </subfield>
    <subfield code="b">Michoac&#xE1;n en el arte</subfield>
  </datafield>
  <datafield tag="260" ind1=" " ind2=" ">
    <subfield code="a">Michoac&#xE1;n, M&#xE9;xico</subfield>
    <subfield code="b">El Carmen</subfield>
    <subfield code="c">1969</subfield>
  </datafield>
  <datafield tag="300" ind1=" " ind2=" ">
    <subfield code="a">1 v</subfield>
    <subfield code="b">Ilustraciones</subfield>
    <subfield code="c">24 cm</subfield>
  </datafield>
  <datafield tag="500" ind1=" " ind2=" ">
    <subfield code="a">Anexo 1</subfield>
  </datafield>
  <datafield tag="500" ind1=" " ind2=" ">
    <subfield code="a">El libro contiene fotograf&#xED;as las cuales se a&#xF1;adieron despu&#xE9;s y podr&#xED;an llegar a caerse</subfield>
  </datafield>
  <datafield tag="505" ind1=" " ind2=" ">
    <subfield code="a">Texto en: espa&#xF1;olIncluye &#xED;ndice tem&#xE1;ticoIncluye bibliograf&#xED;aTexto en: espa&#xF1;ol</subfield>
  </datafield>
  <datafield tag="650" ind1="1" ind2=" ">
    <subfield code="2">Museos</subfield>
    <subfield code="a">Colecciones</subfield>
    <subfield code="v">Exposiciones en museos</subfield>
    <subfield code="9">29390</subfield>
  </datafield>
  <datafield tag="651" ind1="2" ind2=" ">
    <subfield code="2">Exposiciones mexicanas</subfield>
    <subfield code="a">Michoac&#xE1;n</subfield>
    <subfield code="v">Michoac&#xE1;n en el arte</subfield>
    <subfield code="9">29391</subfield>
  </datafield>
  <datafield tag="942" ind1=" " ind2=" ">
    <subfield code="2">lcc</subfield>
    <subfield code="c">B</subfield>
  </datafield>
  <datafield tag="999" ind1=" " ind2=" ">
    <subfield code="c">10994</subfield>
    <subfield code="d">10994</subfield>
  </datafield>
  <datafield tag="952" ind1=" " ind2=" ">
    <subfield code="0">0</subfield>
    <subfield code="1">0</subfield>
    <subfield code="2">lcc</subfield>
    <subfield code="4">0</subfield>
    <subfield code="7">0</subfield>
    <subfield code="8">FCON</subfield>
    <subfield code="a">BRCA</subfield>
    <subfield code="b">BRCA</subfield>
    <subfield code="d">2023-08-30</subfield>
    <subfield code="l">0</subfield>
    <subfield code="o">AM151.M6 R83 1969</subfield>
    <subfield code="p">CONT10140</subfield>
    <subfield code="r">2023-08-30 00:00:00</subfield>
    <subfield code="w">2023-08-30</subfield>
    <subfield code="y">B</subfield>
  </datafield>
</record>
